000 00402nam a2200169Ia 4500
003 0100
008 130303s9999 xx 000 0 und d
040 _cARRUPELIB
050 _aLB41.B89 1973
100 _aBrumbaugh, Robert S
245 _aPhilosophical Themes in Modern Education
260 _aBoston
260 _bHoughton Mifflin Company Inc
260 _C1973
300 _a294p
942 0 0 _01
999 _c31252
_d31252